<?xml version="1.0" encoding="UTF-8"?><record xmlns="http://www.loc.gov/MARC21/slim" xmlns:zs="http://docs.oasis-open.org/ns/search-ws/sruResponse">
  <leader>02863cem a2200505   4500</leader>
  <controlfield tag="001">5421959</controlfield>
  <controlfield tag="005">20250607183048.6</controlfield>
  <controlfield tag="007">aj|canzn</controlfield>
  <controlfield tag="007">cr||||</controlfield>
  <controlfield tag="008">750409s1765    enki      a     0   eng  </controlfield>
  <datafield ind1=" " ind2=" " tag="035">
    <subfield code="a">5421959</subfield>
  </datafield>
  <datafield ind1=" " ind2=" " tag="906">
    <subfield code="a">7</subfield>
    <subfield code="b">cbc</subfield>
    <subfield code="c">orignew</subfield>
    <subfield code="d">u</subfield>
    <subfield code="e">ncip</subfield>
    <subfield code="f">19</subfield>
    <subfield code="g">n-geogmaps</subfield>
  </datafield>
  <datafield ind1=" " ind2=" " tag="955">
    <subfield code="a">LCAP batch update 2025-06-02-04:00: LCAPM-893</subfield>
  </datafield>
  <datafield ind1=" " ind2=" " tag="010">
    <subfield code="a">   75692295 </subfield>
  </datafield>
  <datafield ind1=" " ind2=" " tag="035">
    <subfield code="9">(DLC)   75692295</subfield>
  </datafield>
  <datafield ind1=" " ind2=" " tag="040">
    <subfield code="a">DLC</subfield>
    <subfield code="c">DLC</subfield>
    <subfield code="d">DLC</subfield>
  </datafield>
  <datafield ind1="0" ind2="0" tag="050">
    <subfield code="a">G3710 1765</subfield>
    <subfield code="b">.E8</subfield>
    <subfield code="u">Vault Shelf</subfield>
  </datafield>
  <datafield ind1=" " ind2=" " tag="052">
    <subfield code="a">3710</subfield>
  </datafield>
  <datafield ind1="1" ind2=" " tag="100">
    <subfield code="a">Evans, Lewis,</subfield>
    <subfield code="d">1700?-1756.</subfield>
  </datafield>
  <datafield ind1="1" ind2="2" tag="245">
    <subfield code="a">A general map of the middle British colonies in America</subfield>
    <subfield code="b">viz. Virginia, Maryland, Delaware, Pensilvania, New-Jersey, New York, Connecticut &amp; Rhode-Island: Of Aquanishuonigy the country of the confederate Indians comprehending Aquanishuonigy proper, their places of residence, Ohio &amp; Thuchsochruntie their deer hunting countries, Couchsachrage &amp; Skaniadarade their beaver hunting countries, of the Lakes Erie, Ontario and Champlain. Wherein is also shewn the antient &amp; present seats of the Indian nations; carefully copied from the original published at Philadelphia,</subfield>
    <subfield code="c">by Mr. Lewis Evans.</subfield>
  </datafield>
  <datafield ind1=" " ind2=" " tag="260">
    <subfield code="a">London,</subfield>
    <subfield code="b">Printed for John Bowles</subfield>
    <subfield code="c">[1765?]</subfield>
  </datafield>
  <datafield ind1=" " ind2=" " tag="300">
    <subfield code="a">col. map</subfield>
    <subfield code="c">49 x 64 cm. fold. in cover 29 x 21 cm.</subfield>
  </datafield>
  <datafield ind1=" " ind2=" " tag="500">
    <subfield code="a">Cover titles: An analysis of a map of the middle British colonies in America. Middle British colonies in America.</subfield>
  </datafield>
  <datafield ind1=" " ind2=" " tag="500">
    <subfield code="a">Hand colored.</subfield>
  </datafield>
  <datafield ind1=" " ind2=" " tag="500">
    <subfield code="a">Prime meridian: London and Philadelphia.</subfield>
  </datafield>
  <datafield ind1=" " ind2=" " tag="500">
    <subfield code="a">Relief shown pictorially.</subfield>
  </datafield>
  <datafield ind1=" " ind2=" " tag="500">
    <subfield code="a">"London, printed for John Bowles at the Black Horse in Cornhil, &amp; Carington Bowles in St. Pauls Church Yard."</subfield>
  </datafield>
  <datafield ind1=" " ind2=" " tag="500">
    <subfield code="a">Includes text, historical notes, 3 distance charts, and inset of "A sketch of the remaining part of Ohio R. &amp;c."</subfield>
  </datafield>
  <datafield ind1=" " ind2=" " tag="500">
    <subfield code="a">Accompanied by the author's: Geographical, historical, political, philosophical and mechanical essays. The first containing an analysis of a General map of the middle British colonies in America. 1755. 32 p.</subfield>
  </datafield>
  <datafield ind1=" " ind2=" " tag="507">
    <subfield code="a">Scale ca. 1:2,250,000.</subfield>
  </datafield>
  <datafield ind1="4" ind2=" " tag="510">
    <subfield code="a">LC Maps of North America, 1750-1789,</subfield>
    <subfield code="c">715</subfield>
  </datafield>
  <datafield ind1=" " ind2=" " tag="530">
    <subfield code="a">Available also through the Library of Congress Web site as a raster image.</subfield>
  </datafield>
  <datafield ind1=" " ind2="0" tag="651">
    <subfield code="a">Northeastern States</subfield>
    <subfield code="v">Maps</subfield>
    <subfield code="v">Early works to 1800.</subfield>
  </datafield>
  <datafield ind1=" " ind2="7" tag="655">
    <subfield code="a">Maps.</subfield>
    <subfield code="2">lcgft</subfield>
    <subfield code="0">https://id.loc.gov/authorities/genreForms/gf2011026387</subfield>
  </datafield>
  <datafield ind1="1" ind2=" " tag="700">
    <subfield code="a">Bowles, Carington,</subfield>
    <subfield code="d">1724-1793.</subfield>
  </datafield>
  <datafield ind1="1" ind2=" " tag="700">
    <subfield code="a">Bowles, John,</subfield>
    <subfield code="d">1701-1779.</subfield>
  </datafield>
  <datafield ind1="0" ind2=" " tag="740">
    <subfield code="a">Middle British colonies.</subfield>
  </datafield>
  <datafield ind1=" " ind2=" " tag="752">
    <subfield code="a">United States</subfield>
    <subfield code="c">Northeastern States.</subfield>
  </datafield>
  <datafield ind1="0" ind2=" " tag="852">
    <subfield code="a">Library of Congress</subfield>
    <subfield code="b">Geography and Map Division</subfield>
    <subfield code="e">Washington, D.C. 20540-4650 USA</subfield>
    <subfield code="n">dcu</subfield>
  </datafield>
  <datafield ind1="4" ind2="1" tag="856">
    <subfield code="d">g3710</subfield>
    <subfield code="f">ar071500</subfield>
    <subfield code="u">http://hdl.loc.gov/loc.gmd/g3710.ar071500</subfield>
    <subfield code="q">c</subfield>
  </datafield>
  <datafield ind1=" " ind2=" " tag="952">
    <subfield code="a">Vault</subfield>
  </datafield>
  <datafield ind1=" " ind2=" " tag="952">
    <subfield code="a">AACR2</subfield>
  </datafield>
  <datafield ind1=" " ind2=" " tag="985">
    <subfield code="a">GMD/ARMAP</subfield>
    <subfield code="e">ammem</subfield>
  </datafield>
  <datafield ind1=" " ind2=" " tag="985">
    <subfield code="a">GMD/MILMAP</subfield>
    <subfield code="e">ammem</subfield>
    <subfield code="h">20010215</subfield>
  </datafield>
  <datafield ind1=" " ind2=" " tag="991">
    <subfield code="b">c-G&amp;M</subfield>
    <subfield code="h">G3710 1765</subfield>
    <subfield code="i">.E8</subfield>
    <subfield code="t">Copy 1</subfield>
    <subfield code="m">Vault Shelf</subfield>
    <subfield code="w">MAPS</subfield>
  </datafield>
</record>
